[Event "Sigeman & Co 07th"]
[Site "Malmo"]
[Date "1999.06.08"]
[Round "1"]
[White "Agrest, Evgenij"]
[Black "Timman, Jan H"]
[Result "1/2-1/2"]
[WhiteElo "2533"]
[BlackElo "2670"]
[Annotator "Ribli,Z"]
[PlyCount "118"]
[EventDate "1999.06.??"]
[EventType "tourn"]
[EventRounds "9"]
[EventCountry "SWE"]
[EventCategory "14"]
[SourceTitle "CBM 072"]
[Source "ChessBase"]
[SourceDate "1999.10.01"]
[SourceVersion "1"]
[SourceVersionDate "1999.10.01"]
[SourceQuality "1"]

{[%mdl 4128]} 1. Nf3 Nf6 2. c4 c5 3. Nc3 Nc6 4. d4 cxd4 5. Nxd4 e6 6. Bg5 {
Ein seltener Zug. Die Alternativen 6.g3, 6.Ndb5 und 6.a3 werden häufiger
gespielt. Ribli.} Be7 {Das ist ein sicherer Zug. Schwarz verteidigt den
Springer und befreit die Dame. In anderen Varianten (6...Bb4 und 6...Qb6) muss
Schwarz manchmal nach Bxf6 ...gxf6 spielen.} (6... Bb4 7. Rc1 h6 (7... Qa5 8.
Bxf6 gxf6 9. a3 Bxc3+ 10. Rxc3 Nxd4 11. Qxd4 Qe5 12. Qd2 b6 13. f4 Qf5 14. g4
Qc5 15. Bg2 Rb8 16. b4 Qe7 17. O-O Rg8 18. Rg3 {1-0 Stangl,M-Pezerovic,E/
Munich op9192 1992/TD 92\03 (38)}) 8. Bh4 (8. Bxf6 Qxf6 9. Ndb5 O-O 10. a3 Be7
11. e3 Rd8 12. Be2 a6 13. Nd4 d5 14. Nxc6 bxc6 {1/2-1/2 Lautier,J-Wojtkiewicz,
A/Polanica Zdroj 1991/[Ribli,Z] (44)}) 8... g5 9. Bg3 Ne4 10. Ndb5 Nxg3 11.
hxg3 a6 12. Nd6+ Ke7 13. Nxc8+ Rxc8 14. e3 d5 15. cxd5 Qxd5 16. Qxd5 exd5 17.
a3 Bxc3+ 18. Rxc3 d4 19. exd4 {1/2-1/2 Gelfand,B-Shirov,A/8th Amber Blindfold,
Monte Carlo MNC 1999 (19)}) (6... Qb6 7. Nb3 Bb4 8. Bxf6 gxf6 9. e3 Ne5 10. Rc1
Rg8 11. a3 Bxc3+ 12. Rxc3 d6 13. c5 dxc5 14. Nxc5 Nd7 15. Nb3 Ne5 16. Nc5 Nd7
17. Nb3 Ne5 {1/2-1/2 Kortschnoj,V-Timman,J/Rotterdam 1990/CBM 18/[Ribli] (17)})
7. e3 Qa5 $5 {[%cal Ra5g5]} (7... O-O 8. Be2 b6 9. O-O (9. Ndb5 d5 10. Bxf6
Bxf6 11. cxd5 exd5 12. Qxd5 Qxd5 13. Nxd5 Bxb2 14. Rb1 Be5 {Stangl,M-Alterman,
B/Tan Cup 1995/1/2-1/2 (59)}) 9... Bb7 10. Bxf6 $6 (10. Rc1 Ne5 11. Bf4 d6 12.
Bg3 Rc8 13. b3 a6 14. Qd2 Rc7 $11 {0-1 Akesson,R-Rytshagov,M/Asker 1997/CBM 62/
[Ribli] (39)}) 10... Bxf6 11. Ndb5 Ne7 12. Qb3 d6 13. Rfd1 Nc8 14. Rac1 a6 15.
Nd4 Qc7 16. Qc2 Na7 17. Na4 Rac8 18. Qd2 Rfd8 19. b3 Ba8 {1/2-1/2 Lautier,J-De
Firmian,N/Biel 1990/CBM 19/[Ribli]}) 8. Ndb5 (8. Bxf6 Bxf6 {Schwarz hat eine
bequeme Stellung und keine Eröffnungsprobleme.} 9. Qd2 (9. Be2 Nxd4 10. exd4
Qb6 11. Nb5 a6 12. Qa4 Rb8 13. Na3 Qxb2 14. Rb1 Qc3+ 15. Kf1 Qxd4 {0-1 Buechle,
R-Grinfeld,A/Prague Bohemians-W 1992/TD 92\07 (15)}) 9... O-O 10. Be2 d5 11.
cxd5 Nxd4 12. exd4 exd5 13. O-O Be6 14. Rfd1 Qb6 {1/2-1/2 Bodnar,A-Neber,A/HUN
1997/EXT 99 (43)}) 8... O-O (8... a6 9. Bxf6 (9. Nd6+ Bxd6 10. Bxf6 Bf8 (10...
Be5 11. Bxe5 Qxe5 12. Be2 $11) 11. Bh4 Bb4 $11) 9... Bxf6 (9... gxf6 10. Nd6+
Bxd6 11. Qxd6 $14) 10. Nd6+ Ke7 11. Qd2 Bxc3 12. bxc3 $36 {[%csl Gd6]}) 9. a3 {
[%cal Gb2b4] Weiss bereitet 10.b4 vor.} d5 10. b4 Qd8 11. cxd5 (11. Rc1 a6 (
11... dxc4 12. Bxc4 a6 $11) 12. Nd4 (12. cxd5 axb5 13. dxc6 bxc6 {[%cal Ra8a3]}
14. Qb3 e5 $11 {[%cal Gc8e6,Ge6b3]}) 12... a5 $5 $36 {[%cal Ge7a3]}) 11... Nxd5
(11... exd5 12. Be2 a6 13. Nd4 $14 {Schwarz hat einen isolierten Damenbauern
und Weiss beherrscht dessen Blockadefeld d4.}) 12. Bxe7 (12. Nxd5 $6 Bxg5 $15)
12... Ncxe7 $11 {Die Bauernstellung ist symmetrisch und Weiss hat keinen
Vorteil, denn die leichte Initiative am Damenflügel kann Schwarz leicht
neutralisieren.} 13. Nxd5 (13. Qb3 a5 $11 {[%cal Ga8a1]}) 13... Nxd5 (13...
Qxd5 $6 14. Nc7 Qxd1+ 15. Rxd1 Rb8 16. Be2 $14 {[%csl Gc7,Rc8]}) 14. Bc4 (14.
e4 $6 {Dieser Zug ist scheinbar aktiv, schwächt aber das Feld d4.} Ne7 $11 {
[%csl Yd4][%cal Ge7c6,Gc6d4] Schwarz plant ...Sc6 nebst ...a6 und die Schwäche
des Feldes d4 wird spürbar.}) 14... Bd7 15. Nd4 (15. Bxd5 $6 Bxb5 {[%csl Re1]
[%cal Gb5f1]} (15... exd5 $2 16. Nd4 $14 {[%csl Gd4]}) 16. Bf3 (16. Bxb7 Qc7 {
[%cal Rc7b7,Rc7c3,Rc3a1,Rc3e1]} 17. Bxa8 Qc3+ $19 {[%csl Re1][%cal Rc3a1,Rc3e1]
}) 16... Qb6 $36) 15... Nb6 {Natürlich muss Schwarz die Variante 16.Bxd5 exd5
vermeiden, in der er einen isolieerten Bauern erhält.} 16. Bd3 e5 17. Nf3 (17.
Qh5 {[%cal Rh5e5,Rh5h7]} f5 18. Nxf5 (18. Bxf5 Bxf5 19. Nxf5 Qf6 {[%csl Rf2,
Rf5][%cal Rf8f2]} 20. e4 g6 $19) 18... g6 19. Nh6+ Kg7 $17 {[%csl Rh5,Rh6]})
17... Qe7 {Schwarz kann zufrieden sein. Er hat Übergewicht im Zentrum und
leichten Entwicklungsvorsprung.} 18. Qb1 {[%cal Rb1h7]} (18. e4 Rfd8 $15 {
[%csl Yd4][%cal Gd8d1,Gd7g4,Gg4d1]}) 18... f5 {[%cal Re5e4,Re4d3,Re4f3]} 19.
Be2 (19. e4) 19... f4 (19... e4 $6 20. Nd4 {[%csl Gd4]}) 20. e4 (20. O-O e4 21.
Nd4 f3 $17) 20... Rac8 (20... Bg4 $11) 21. O-O (21. Qb2 $6 Nc4 22. Bxc4+ Rxc4
23. Nd2 Rd4 $15) 21... Bg4 {Schwarz hat Raumvorteil,und das Feld-d4 ist eine
potentielle Schwachung in der weise Stellung,aber der schwarze Springer steht
ungluecklich auf b6.Ribli.} 22. Qa2+ Kh8 23. Rac1 Nd7 {Schwarz verbessert
seine Springerstellung.Ribli.} 24. h3 Bxf3 (24... Bh5 $5 {Schwarz kann sich
später entscheiden, ob er auf f3 nimmt oder ...Lf7 spielt.}) 25. Bxf3 Nf6 26.
Rc2 $5 {[%cal Gf1c1,Gc1c8]} (26. Qb2 $11 {Weiss kann im folgenden 27.Rxc8 und
28.Rc1 spielen.}) 26... Rxc2 27. Qxc2 g6 {[%cal Gh8g7]} 28. Rc1 {[%cal Gc1c7]}
b6 29. Qc7 Re8 {Weiss kontrolliert die c-Linie, aber sein f3-Läufer steht
passiv.} 30. h4 $5 {Eine guter prophylaktischer Zug. Schwarz gewinnt ansonsten
später Raum am Königsflügel mit ...g5 und ...h5.} Kg7 31. Be2 $1 {Der e4-Bauer
ist Tabu und Weiss verbessert so seine Läuferstellung.} Kf8 (31... Nxe4 32. Bb5
$18) 32. Bb5 Qxc7 33. Rxc7 Re7 34. Rc8+ {Weiss muß die Türme auf dem Brett
behalten.} (34. Rxe7 Kxe7 $15) 34... Kf7 35. f3 h6 {[%cal Gg6g5]} 36. Kf2 (36.
Bc4+ Kg7 $11) 36... g5 37. hxg5 hxg5 38. Ke2 (38. g4 $5 $11) 38... g4 {Schwarz
hat etwas Initiative am Königsflügel.} 39. Kd3 Kg6 40. fxg4 Kg5 $15 {Schwarz
gewinnt den Bauern zurück und sein König steht aktiv.} (40... Nxg4 $11) 41. Bc6
Kxg4 (41... Nxg4 $11) 42. Rf8 Re6 43. Bd5 (43. Rg8+ $2 Nxg8 44. Bd7 Nf6 45.
Bxe6+ Kg3 $19) 43... Rd6 44. Rf7 $8 (44. Kc4 Kg3 $17 {[%csl Rg2][%cal Rg3g2]})
44... Kg3 45. Rg7+ Kf2 {[%csl Gf2]} 46. Rg5 $132 {Weiss kommt zu Gegenchancen,
denn der Bauer e5 ist nicht zu verteidigen.} b5 (46... Nxd5 47. exd5 Rxd5+ 48.
Ke4 $11) (46... Nd7 47. Kc4 $11) 47. Rxe5 Kxg2 48. Rg5+ Kf2 (48... Kf3 $6 49.
Kd4 $11 {[%cal Rd4e5]}) 49. Kd4 f3 {Der f3-Bauer ist sehr gefährlich, aber
Weiss findet ausreichendes Gegenspiel.} 50. Rf5 Nxd5 (50... Ke2 51. Kc5 $11)
51. exd5 {[%csl Gd5,Gf3]} Ra6 52. Kc5 Rxa3 53. d6 {Der weisse d6-Bauer ist
ebenso stark wie der schwarze auf f3.} Rd3 54. Kc6 {Der schwarze Mehrbauer ist
ohne Bedeutung.} Ke2 55. d7 f2 56. Re5+ Kd2 (56... Kf3 57. Rf5+ $11) 57. Rf5 {
Schwarz kommt nicht voran. Die Stellung ist gleich.} (57. Rd5 Rxd5 58. Kxd5
f1=Q 59. d8=Q Qd3+ $19) 57... Ke2 (57... Ke1 58. Re5+ $11) 58. Re5+ Kf3 59.
Rf5+ Ke2 {Und Remis mit Zugwiederholung.} 1/2-1/2

[Event "USA-ch Gr-B"]
[Site "Salt Lake City"]
[Date "1999.08.26"]
[Round "4"]
[White "Serper, Grigory"]
[Black "De Firmian, Nick E"]
[Result "1/2-1/2"]
[WhiteElo "2540"]
[BlackElo "2598"]
[Annotator "Ribli,Z"]
[PlyCount "125"]
[EventDate "1999.08.05"]
[EventType "tourn"]
[EventRounds "7"]
[EventCountry "USA"]
[EventCategory "13"]
[SourceTitle "CBM 073"]
[Source "ChessBase"]
[SourceDate "1999.12.01"]
[SourceVersion "1"]
[SourceVersionDate "1999.12.01"]
[SourceQuality "1"]

{[%mdl 4128]} 1. c4 c5 2. Nf3 Nc6 3. d4 {Nach 3.Nc3 muss Weiss mit der
interessanten Fortsetzung 3...Nd4 rechnen. Ribli.} cxd4 4. Nxd4 e6 5. Nc3 Nf6
6. g3 {Meines Erachtens bietet dieser Zug dem Weissen die besten Aussichten
auf Eröffnungsvorteil.} Bc5 {Es gibt zwei andere prinzipielle Fortsetzungen: 6.
..Qb6 und 6...Bb4, aber der Textzug ist De Firmians Lieblinsvariante.} 7. Nb3
Bb4 8. Bg2 b6 {Schwarz hat Angst vor der Vorbereitung des Gegners und wählt
daher eine Nebenvariante. Mit diesem Zug bereitet Schwarz ...Bb7 oder ...Ba6
vor.} (8... d5 9. cxd5 Nxd5 10. O-O {Das ist die kritische Variante fuer
Schwarz. Weiss opfert einen Bauern, aber bekommt starke Initiative. Im CBM 72
kann der Leser die Partie Agrest,E - De Firmian,N Siegeman & Co. 1999 zu
diesem Thema finden.}) 9. Nd4 {Weiss rochiert (noch) nicht, denn er möchte
zuerst die Situation am Damenflügel klären. In der Tat war der Nb3 nicht
gerade der Stolz der weissen Stellung.} (9. O-O Ba6 10. Nb5 Rc8 11. Bf4 (11. a4
O-O 12. N3d4 Qe7 13. b3 Nxd4 14. Qxd4 Bc5 15. Qh4 d5 16. cxd5 Nxd5 17. Qxe7
Bxe7 18. Bxd5 exd5 19. Be3 Bf6 20. Ra2 Bxb5 21. axb5 d4 22. Bf4 g5 23. Bd2 Rfe8
24. Rc1 Rxc1+ 25. Bxc1 Re5 26. f4 Rc5 {0-1 Claesen,P-Lazarev,V/Interteam ch,
BEL 1996 (45)}) 11... d5 12. N3d4 Nxd4 13. Nxd4 Qd7 14. cxd5 Nxd5 15. Bxd5 exd5
16. Nf5 Qxf5 (16... O-O 17. e4 f6 18. Qg4 Kh8 19. Rfd1 g6 20. Rxd5 gxf5 21.
Rxf5 Qe6 22. Be5 Rce8 23. Rc1 fxe5 24. Rc7 Be7 25. Qh5 Qxa2 26. h4 Rxf5 27.
exf5 Qg8 28. Qh6 Qf8 29. Qe6 Bf6 30. Qd7 Re7 31. Qd6 Rf7 {0-1 Rotstein,
A-Lazarev,V/Cannes 1995/EXT 97 (31)}) 17. Qa4+ Qd7 18. Qxa6 O-O 19. Rac1 Be7
20. Rfd1 Rc5 21. Qd3 Rd8 22. a3 Qc8 23. Qf3 Qe6 24. Qe3 h6 25. Qd3 Rc4 26. Be3
Bf6 27. b3 Re4 28. Rc2 d4 29. Bc1 Re8 30. Re1 Qh3 31. Rd1 {1/2-1/2 Miles,A-De
Firmian,N/Linares MEX 1994/EXT 94 (31)}) 9... Bb7 (9... Bxc3+ 10. bxc3 Bb7 11.
Nb5 $16 {[%csl Rd6][%cal Gc1a3,Ga3f8]} (11. Ba3 $6 Na5 $13)) 10. Ndb5 (10. O-O
Bxc3 11. bxc3 Na5 $13) 10... Na5 $5 (10... O-O 11. a3 $14) 11. Bxb7 Nxb7 {
Der Springer steht sonderbar auf b7, aber er verteidigt das Feld d6.} 12. Qa4 (
12. a3 Bxc3+ 13. Nxc3 Rc8 {[%csl Rc4][%cal Rc8c4]} 14. Qa4 (14. b3 d5 $15 {
[%csl Rc3][%cal Gc8c3]}) 14... Nc5 $15 15. Qxa7 $4 Ra8 {[%csl Ra7]}) 12... Be7
13. O-O O-O $11 {Weiss kontrolliert mehr Raum, aber der b5-Springer muss nach .
..a6 weichen und der Bauer c4 ist angreifbar.} 14. Bf4 a6 (14... Nc5 15. Qc2 a6
16. Nd4 $14 (16. Bc7 Qc8 17. Bd6 Qd8 $11) (16. Nd6 g5 $17)) 15. Nd4 Qc8 {
Wir haben eigentlich eine Igelstellung. Weiss hat Raumvorteil, aber die
schwarze Stellung ist elastisch. Es sei angemerkt, dass der Bauer c4 etwas
schwach ist und von der Dame verteidigt werden muss. Nach b2-b3 wäre die
weisse Dame in grosser Not.} 16. Nb3 (16. Rac1 $11 {[%cal Gc1c8]}) 16... Nd6 (
16... Nc5 17. Nxc5 (17. Qb4 Qd8 $6 $11 {[%csl Rb4][%cal Ge7b4]}) 17... Qxc5 $11
) (16... d5 $6 17. cxd5 exd5 18. Rad1 $14 {[%csl Rd5]}) 17. Bxd6 (17. Nd2 Qb7
$11 (17... Qc6 18. Qxc6 dxc6 $11)) 17... Bxd6 18. Rfd1 Qc7 (18... Be5 19. Rac1
$11 (19. Nd4 Qc5 $15)) 19. Nd2 Be5 {[%csl Ge5] Schwarz hat lebendiges
Figurenspiel und sein Läufer steht gut auf e5. Er scheint aktiver zu stehen,
aber die weisse Stellung ist nicht schlechter.} 20. Rdc1 {Der andere Turmzug
wirkt natürlicher, aber so hat die weisse Dame das Rückzugsfeld d1.} (20. Rac1
Qb7 $11) 20... Rfd8 21. Rc2 $6 (21. Nf3 Bxc3 22. Rxc3 Ne4 23. Rc2 $11) 21...
Qb8 {Weiss muss jetzt immer mit der Möglichkeit ...b5 rechnen, denn die Dame
ist etwas ausgesperrt.} (21... Qb7 $5 $15 {[%cal Gb7h1]}) 22. Nde4 Nxe4 23.
Nxe4 b5 {Schwarz hat aktives Spiel am Damenflügel.} 24. cxb5 axb5 25. Qb3 d5 {
Schwarz hat eine starke Position im Zentrum.} 26. Nc5 {[%csl Gc5]} Bd6 (26...
b4 27. Nd3 Bd6 28. Rc6 $11) 27. a3 h6 (27... b4 $5 $15 {[%cal Ga8a1]}) 28. Rac1
{[%cal Gc1c8] Schwarz hat eine feste Zentrumstellung, aber Weiss kontrolliert
die c-Linie.} Ra7 $15 29. Qe3 {[%cal Ge3e6,Gc5e6,Ge3a7] Es droht noch nichts,
aber in einigen Varianten muss Schwarz mit dem Springeropfer auf e6 rechnen.}
Qb6 {[%cal Gb6e3] Schwarz fesselt den Springer und bereitet ...Rc7 vor.} 30.
Qb3 {Das ist ein indirektes Remisangebot. Weiss wäre mit Stellungwiederholung
zufrieden.} Rc7 31. Nd3 Rxc2 (31... Rdc8 32. Rxc7 Rxc7 33. Rxc7 Bxc7 34. a4
bxa4 35. Qxa4 $11) (31... Rc4 $2 32. Rxc4 dxc4 33. Rxc4 $16 {[%cal Gb3b6]}) 32.
Qxc2 {[%cal Gc1c8]} (32. Rxc2) 32... b4 $2 (32... e5 $15) 33. Qb3 {[%cal Gb3b6]
} Rb8 34. axb4 $16 {Weiss hat einen Bauern mehr und aktives Figurenspiel.} Kh7
(34... Bxb4 35. Nxb4 Qxb4 36. Rc8+ $1 {Ein altes, aber schönes Motiv.} Kh7 (
36... Rxc8 37. Qxb4 $18) 37. Rxb8 $18) 35. Qc2 {[%csl Rh7][%cal Rc2h7]} g6 36.
Qa4 {[%cal Gc1c6]} Bxb4 37. Rc6 {[%csl Gc6] Weiss hat die bessere
Figurenkoordination und die schwarze Königsstellung ist unsicher.} Qb5 38. Qc2
{[%cal Gc2c8] Weiss kontrolliert die c-Linie.} Rb7 39. Rc8 Qd7 40. h4 $2 $138 {
Ein schablonenhafter Zug in Zeitnot. Stattdessen gibt es für Weiss einen
direkten Gewinn.} (40. Nxb4 Rxb4 41. Qc3 {[%csl Rb4,Rh7][%cal Rc3h8,Rc8h8]} d4
(41... e5 42. Rc7 $18) 42. Qc5 $18 (42. Qxb4 Qxc8 43. Qxd4 $16)) 40... Bd6 (
40... h5 $2 41. Nxb4 Rxb4 42. Qc3 $18 {[%csl Rb4,Rh7][%cal Rc3h8,Rc3b4,Rc8h8,
Rh8h7]}) 41. h5 {[%cal Gc2h7]} Rc7 {Schwarz muss den aktiven weissen Turm
tauschen.} 42. hxg6+ fxg6 43. Rxc7 Qxc7 44. Qa4 $14 {[%csl Gb2] Der schwarze
Königsstellung ist ein wenig schwach und Weiss hat einen Freibauern auf b2.
Aber das reduzierte Material macht Remis wahrscheinlich.} e5 45. e4 dxe4 (45...
d4 46. b4 $36) 46. Qxe4 h5 47. b4 {[%csl Gb4] Endlich kommt der weisse b-Bauer.
} Qb6 48. Qc4 (48. Kg2 $14) 48... Kg7 49. b5 $6 {Mit diesem Zug gibt Weiss
seinen Vorteil auf.} (49. Kg2 $14) 49... e4 $1 $11 {[%cal Gb6g1]} 50. Qxe4 Bxg3
(50... Qxb5 $2 51. Qd4+ $18 {[%cal Rd4d6,Rd4g7]}) 51. Qe7+ Kg8 52. Qe8+ Kg7 53.
Qe7+ Kg8 {Weiss hat Dauerschach, aber nicht mehr.} 54. Kg2 Bb8 55. Qe8+ Kg7 56.
Qe7+ Kg8 57. Qe8+ Kg7 58. Ne5 {Weiss spielt bis zum Ende. Sein Freibauer
scheint gefährlich zu sein, aber man kann das nicht verwerten.} (58. Qc6 Qxc6+
59. bxc6 Kf6 $11 {[%cal Gf6e6,Ge6d6,Gd6c6]}) 58... Bxe5 59. Qxe5+ Kf7 {Der
schwarze König strebt zum Damenflügel.} 60. Qd5+ Ke7 61. Qe5+ Kd7 62. f4 Qe6 {
Schwarz kann jetzt auch die Damen tauschen, denn sein König ist nahe genug am
b-Bauern.} 63. Qd4+ {Und (endlich) Remis.} (63. Qxe6+ Kxe6 64. Kh3 Kd5 65. Kh4
Kc5 66. f5 $11) 1/2-1/2

[Event "Pamplona"]
[Site "Pamplona"]
[Date "1999.12.31"]
[Round "5"]
[White "Vallejo Pons, Francisco"]
[Black "Polgar, Judit"]
[Result "1-0"]
[WhiteElo "2519"]
[BlackElo "2671"]
[Annotator "Ribli,Z"]
[PlyCount "87"]
[EventDate "1999.12.27"]
[EventType "tourn"]
[EventRounds "9"]
[EventCountry "ESP"]
[EventCategory "15"]
[SourceTitle "CBM 075"]
[Source "ChessBase"]
[SourceDate "2000.04.05"]
[SourceVersion "1"]
[SourceVersionDate "2000.04.05"]
[SourceQuality "1"]

1. Nf3 Nf6 2. c4 c5 3. Nc3 Nc6 4. d4 {Dieser Zug ist prinzipiell logisch -
Weiß löst damit die Symmetrie der Stellung auf.} cxd4 5. Nxd4 e6 6. a3 {
Eine auf den ersten Blick bescheidene, aber für Schwarz nicht ungefährliche
Fortsetzung. Weiß unterbindet so die Entwicklung des schwarzen Läufers nach b4.
} a6 (6... Be7 $5 7. e4 O-O 8. Be2 d5 9. exd5 exd5 10. O-O Nxd4 11. Qxd4 Be6
12. cxd5 Nxd5 13. Nxd5 Qxd5 14. Be3 Bf6 15. Qxd5 Bxd5 {1/2-1/2 Panno,
O-Kasparov,G/Buenos Aires 1997/EXT 98 (15)}) (6... Qc7 7. Ndb5 Qb8 8. g3 a6 9.
Nd4 Nxd4 10. Qxd4 b5 11. e4 e5 12. Qe3 Qc7 13. cxb5 Bc5 14. Qf3 Bd4 15. Bg5
Bxc3+ 16. bxc3 Nxe4 17. Qxe4 Bb7 18. Qb4 f6 19. b6 Qc6 20. O-O-O Qxh1 21. Bh3
$18 {1-0 Timman,J-Polgar,J/Hoogeveen 1999/CBM 74 no vc (51)}) (6... Nxd4 7.
Qxd4 b6) 7. Bg5 {Ich möchte anmerken, dass dieser Zug ohne 6.a3 a6 natürlich
mit Bb4 beantwortet worden wäre.} (7. e4 {Führt durch Zugumstellung in die
Sizilianische Verteidigung (Paulsen Variante).} d6 (7... Be7 8. Be2 O-O 9. Be3
d6 10. O-O Bd7 11. f3 Rc8 12. Nxc6 Bxc6 13. b4 Re8 14. Qd2 b6 15. Rac1 a5 16.
Rfd1 axb4 17. axb4 Bb7 18. Qb2 Nd7 19. Bf4 e5 20. Be3 {1-0 Matlak,M-Kalod,R/
CZE 1999/EXT 2000 (55)}) (7... Qa5 8. Nb3 Qc7 9. f4 d6 10. Be3 b6 11. Rc1 Na5
12. Nd2 Be7 13. b4 Nb7 14. Bd3 O-O 15. O-O {1-0 Wojtkiewicz,A-Luft,A/
Regensburg 1996/CBM 50 ext (34)}) 8. Be2 Bd7 9. O-O Rc8 10. b3 Be7 11. Bb2 O-O
12. Re1 Ne5 13. Bf1 Ng6 14. Rc1 Qc7 15. Rc2 Qb8 16. a4 Bd8 17. Ba3 Bc7 18. g3
Rfd8 19. Qe2 Re8 20. Qd1 Rcd8 21. Rd2 Bc8 22. Qc2 h5 {1/2-1/2 Gutkin,B-Sturua,
Z/Biel 1999/EXT 2000 (32)}) 7... Be7 (7... d6 8. e3 Be7 9. Be2 Bd7 10. O-O Rc8
11. Nf3 O-O 12. Rc1 Na5 13. Nd2 d5 14. cxd5 Nxd5 15. Bxe7 Qxe7 16. Nxd5 exd5
17. Nf3 Be6 18. Nd4 {1-0 Robatsch,K-Hanel,R/AUT-chT 1991/EXT 97 (26)}) 8. Rc1 (
8. e3 Qa5 $11) (8. e4 $2 Nxe4 9. Nxe4 (9. Bxe7 Nxc3 10. Bxd8 Nxd1 $17) 9...
Bxg5 $17) 8... Qa5 9. Bh4 g5 $6 {[%mdl 16384] Schwarz spielt zu optimistisch.
Meiner Meinung nach kommt diese Aktion zu früh. Es wäre besser, zuerst die
Entwicklung zu beenden.} (9... O-O 10. e3 Nxd4 11. exd4 d5 12. c5 $14) 10. Nb3
(10. Bg3 Ne4 11. Nb3 (11. Nxc6 dxc6 12. Qd4 (12. b4 Qf5 13. Qd4 Bf6 14. Nxe4
Bxd4 15. Nd6+ Ke7 16. Nxf5+ exf5 $15) 12... Nf6 13. Qe5 $14) 11... Nxc3 12.
Rxc3 $14) 10... Qf5 (10... Qe5 $2 11. Bg3 $16) 11. Bg3 $14 {Weiß hat eine
gesunde Stellung, Schwarz hingegen Probleme - die scharzen Felder am
Damenflügel sind schwach.} h5 {Schwarz muss so spielen, sonst wäre der Zug 9...
g5 sinnlos.} 12. e3 g4 (12... h4 13. Bd3 Qg4 14. Be2 Qf5 15. Bd6 $16) 13. Bd3 (
13. h4 Ne4 14. Nxe4 Qxe4 15. Bd6 $14) 13... Qg5 14. Na4 {[%csl Yb6][%cal Ga4b6,
Gb6c8,Gb6a8]} e5 {Wegen der Drohung 15.Nb6 muss Schwarz die Diagonale des g3B
schließen. Aber dieser Zug schwächt das d5-Feld.} (14... Bd8 15. Bf4 Qg7 16.
Bd6 $16) 15. Nb6 Rb8 16. h4 gxh3 (16... Qh6 17. Nd4 $1 $16 {[%cal Gg3b8]} exd4
$2 18. Bf4 Qg7 19. Bxb8 Nxb8 20. Nxc8 $18) 17. Rxh3 h4 18. Nd2 {[%cal Gd2f3,
Gf3g5,Gf3h4]} Ng4 {Die schwarze Stellung ist schwierig. Mit dem Springerzug
versucht die Nachziehende im Trüben zu fischen.} (18... Qg7 19. Bxh4 (19. Rxh4
Rxh4 20. Bxh4 Qxg2 21. Bxf6 Bxf6 22. Ne4 $14) 19... Qxg2 20. Bf1 $16) 19. Nxc8
Rxc8 20. Nf3 Qg7 21. Bf5 $5 (21. Bxh4) (21. Nxh4 Nxe3 22. Nf5 (22. fxe3 Bxh4
23. Bxh4 Rxh4 24. Rxh4 Qg3+ $11 {[%cal Rg3e1,Rg3h4]}) 22... Nxf5 23. Bxf5 $14)
21... Rd8 22. Nxh4 Nxe3 {[%mdl 64]} (22... Bxh4 $2 23. Rxh4 $18) 23. fxe3 Bxh4
24. Qf3 $1 (24. Bxh4 Rxh4 25. Qf3 $14 (25. Rxh4 Qg3+)) 24... Bxg3+ (24... Be7
25. Rd1 $14) 25. Rxg3 Qh6 26. Rh3 Qg7 27. Rg3 Qh6 28. Rh3 Qg7 29. Rxh8+ {
Die logische Entscheidung - Weiß vermeidet Zugwiederholung.} Qxh8 30. Ke2 {
Weiss hat das viel bessere Figurenspiel.Der Pe3 steht ausgezeichnet und
unterbindet u.a. den Zug Nd4.} Ke7 31. b4 Qh6 32. Rd1 Qh4 33. Be4 Rg8 34. Qf5
d6 (34... Qg4+ 35. Qxg4 Rxg4 36. Rxd7+ Ke6 37. Bxc6 bxc6 38. Ra7 Rxg2+ 39. Kd3
$16) 35. c5 $1 $16 {[%csl Re7]} Rg5 36. cxd6+ Kf8 37. Rh1 $1 (37. Qc8+ Kg7 38.
Kd3 $16) 37... Qxh1 38. Qxg5 Qc1 39. Qf6 {[%cal Rf6h8,Rh8f8]} (39. Qh4 $18) (
39. Qh6+ Ke8 40. Bf5 $2 Nd4+ $19 {[%cal Gc1h6]}) 39... Qc4+ 40. Kf2 Kg8 41.
Qg5+ $18 Kf8 42. Qh6+ Ke8 (42... Kg8 43. Qh7+ Kf8 44. Qh8#) 43. Bf5 {Weiß
beraubt den schwarzen König des Feldes d7 und droht Matt auf h8.} Qa2+ 44. Kg3
1-0